000 00692nab a2200193 4500
001 244442
003 OSt
005 20231219123629.0
007 tu
008 200917s2020|||||||
040 _aDE-2950
_cDE-2950
245 0 0 _aWohnheim wird energieeffizienter
_bImmobilien. Seit Sommer 2023 laufen die umfangreichen Modernisierungsarbeiten für die Appartement des Frankfurter Studentenwerks an der Stadtbrücke. Wie es mit den Bauarbeiten vorangeht/
_cSelim Pekel
264 _c2023
653 _aFrankfurt (Oder)
653 _aEuropauniversität
653 _aStudentenwerk
773 0 _g34. Jahrgang (2023) Nr. 287 vom 9.12.2023, S. 15, mit Foto
_tMärkische Oderzeitung
942 _2z
_cA
999 _c372871
_d372871